Statistics for Counting To Ten in Mandarin

Click here to take the quiz!

General Stats

  • This quiz has been taken 730 times
  • The average score is 9 of 10

Answer Stats

NumericalPinyinStandardHow fluent your counting is:% Correct
3sā nAverage
96%
1Okay
96%
2è rGood
94%
8b āExcellent
90%
10sh íYou can now count to 99 in Mandarin
90%
4s īBetter
90%
5w ǔStandard
89%
6li ùSatisfactory
87%
7q īImpressive
82%
9ji ǔOutstanding
79%

Score Distribution

Percentile by Number Answered

Percent of People with Each Score

Your Score History

You have not taken this quiz